Normal view MARC view
  • Trejo González, Cirila

Entry Nombre Personal

Number of records used in: 1

001 - NUMERO DE CONTROL

  • campo de control: 52040

003 - IDENTIFICADOR DE NUMERO DE CONTROL

  • campo de control: MX-MxUPN

005 - FECHA Y HORA DE LA ÜLTIMA TRANSACCIÓN

  • campo de control: 20240523160221.0

008 - DATOS DE LONGITUD FIJA

  • campo de control de longitud fija: 240523|| aca||aabn | a|a d

040 ## - FUENTE DE CATALOGACIÓN

  • Agencia original de catalogación: MX-MxUPN
  • Lenguaje de catalogación: spa
  • Agencia de transcripción: MX-MxUPN

100 1# - ENCABEZAMIENTO - NOMBRE PERSONAL

  • Nombre personal: Trejo González, Cirila

670 ## - FUENTE EN LA QUE SE LOCALIZARON DATOS

  • Cita de la fuente: Ñhó dega ñhóñhó de maxei : lengua hñahñú, Tolimán, Guerétaro : tercer grado, 1997:
  • Información localizada: portada (Cirila Trejo González)

902 ## - CATALOGADOR

  • Catalogador: Víctor Ruiz/230524